[Event "ARA Cto de Aragon por Equipos Division de Honor Global"]
[Site "Aragon"]
[Date "2021.05.08"]
[Round "7.25"]
[White "Garcia Vicente, Nieves"]
[Black "Roche Simon, Manuel Angel"]
[Result "1-0"]
[WhiteElo "2156"]
[BlackElo "2046"]
[PlyCount "0"]
[WhiteTeam "Ibercaja"]
[BlackTeam "Delicias"]
[EventDate "2021.03.13"]



1. d4 d5 2. c4 e6 3. Nc3 Nf6 4. Bg5 Be7 5. e3 h6 6. Bxf6 Bxf6 7. Qc2 O-O 
8. Nf3 b6 9. O-O-O Bb7 10. cxd5 exd5 11. h4 Nd7
 12. g4 Kh8 13. g5 Be7 
14. gxh6 gxh6 15. Qf5 Nf6 16. Ne5 Qe8 17. Bd3 Rg8 18. Rhg1 Qf8 19. Qf4 Bc8 
20. Rxg8+ Kxg8 21. Rg1+
 Kh8 22. Nxd5 1-0

[Event "ARA Cto de Aragon por Equipos Division de Honor Global"]
[Site "Aragon"]
[Date "2021.05.08"]
[Round "7.26"]
[White "Llanes Luno, Pedro Alfredo"]
[Black "Torcal Miguel, Oscar"]
[Result "1-0"]
[WhiteElo "2005"]
[BlackElo "2101"]
[PlyCount "0"]
[WhiteTeam "Delicias"]
[BlackTeam "Ibercaja"]
[EventDate "2021.03.13"]


1. e4 c5 2. Nf3 Nc6 3. d4 cxd4 4. Nxd4 g6 5. c4 Bg7 6. Be3 d6 7. Nc3 Nf6 
8. Be2 O-O 9. O-O a5 10. Ndb5 Be6 11. Rc1 Nd7 12.
Qd2 Nc5 13. f3 b6 
14. Rfd1 Ne5 15. Nd5 Bxd5 16. cxd5 f5 17. exf5 gxf5 18. Nd4 Qe8 19. Ne6 Nxe6 
20. dxe6 Qg6 21. Rc7 Bf6 22.
Bxb6 Kh8 23. f4 Rg8 24. g3 Ng4 25. Bxg4 Qxg4 
26. Bd4 Qf3 27. Bxf6+ exf6 28. Qd3 Qxf4 29. Rf1 Qb4 30. Rf2 Qe1+ 31. Kg2 Qxe6
 
32. Re2 Qxa2 33. b3 Qa1 34. Qxf5 Rg7 35. Rxg7 Kxg7 36. Re7+ Kf8 37. Qxh7 1-0

[Event "ARA Cto de Aragon por Equipos Division de Honor Global"]
[Site "Aragon"]
[Date "2021.05.08"]
[Round "7.27"]
[White "Villalba Embid, Marcos"]
[Black "Molina Pastor, Francisco"]
[Result "1-0"]
[WhiteElo "2020"]
[BlackElo "2024"]
[PlyCount "0"]
[WhiteTeam "Ibercaja"]
[BlackTeam "Delicias"]
[EventDate "2021.03.13"]



1. e4 g6 2. d4 Bg7 3. Nc3 d6 4. Bg5 c6 5. Qd2 b5 6. h4 h5 7. a3 a5 8. d5 Ba6 
9. dxc6 Nxc6 10. Qd5 Rc8 11. Bxb5 Bxb5 12. Qxb5
 Nf6 13. Nd5 O-O 14. Bxf6 exf6 
15. Nf3 Re8 16. O-O Rxe4 17. Qb7 Qe8 18. Rfe1 Re6 19. Rxe6 fxe6 20. Re1 Ne5 
21. Qxc8 1-0

[Event "ARA Cto de Aragon por Equipos Division de Honor Global"]
[Site "Aragon"]
[Date "2021.05.08"]
[Round "7.28"]
[White "Sierra Aguerri, Joaquin"]
[Black "Dominguez Bujeda, Jesus"]
[Result "1/2-1/2"]
[WhiteElo "2101"]
[BlackElo "2086"]
[PlyCount "0"]
[WhiteTeam "Tauste"]
[BlackTeam "Teruel"]
[EventDate "2021.03.13"]



1. e4 c5 2. Nc3 Nc6 3. f4 g6 4. Nf3 Bg7 5. Bb5 Nd4 6. O-O Nxb5 7. Nxb5 d5 
8. e5
 d4 9. a4 b6 10. d3 Bb7 11. f5 gxf5 12. e6 fxe6 13. Ng5 Kd7 14. Qe2 Bd5 
15. c4 
dxc3 16. Nxc3 h6 17. Nf7 Qf8 18. Nxh8 Bxh8 19. Bf4 Bd4+ 20. Kh1 Nf6 
21. Nb5 Qg7
22. Nxd4 cxd4 23. Rac1 Ng4 24. Rc7+ Kd8 1/2-1/2

[Event "ARA Cto de Aragon por Equipos Division de Honor Global"]
[Site "Aragon"]
[Date "2021.05.08"]
[Round "7.29"]
[White "Romo Blasco, Adrian"]
[Black "Fernandez Rubio, Rafael"]
[Result "0-1"]
[WhiteElo "1986"]
[BlackElo "2066"]
[PlyCount "0"]
[WhiteTeam "Teruel"]
[BlackTeam "Tauste"]
[EventDate "2021.03.13"]



1. d4 d6 2. c4 e5 3. Nc3 exd4 4. Qxd4 Nf6 5. g3 Nc6 6. Qd2 Be6 7. b3 d5 
8. cxd5 
Nxd5 9. Bb2 Bb4 10. Rd1 Qf6 11. Rc1 O-O-O 12. a3 Ba5 13. Qc2 Nd4 
14. Qe4 Nxb3 
15. Qa4 Nxc3 0-1

[Event "ARA Cto de Aragon por Equipos Division de Honor Global"]
[Site "Aragon"]
[Date "2021.05.08"]
[Round "7.30"]
[White "Carbonel Sanchez, Andres"]
[Black "Carraminana Lopez, Luis Antonio"]
[Result "1/2-1/2"]
[WhiteElo "1940"]
[BlackElo "1922"]
[PlyCount "0"]
[WhiteTeam "Tauste"]
[BlackTeam "Teruel"]
[EventDate "2021.03.13"]

1. e4 c6 2. d4 d5 3. exd5 cxd5 4. Bd3 Nc6 5. c3 Nf6 6. Bf4 Bg4 7. Qb3 Qd7 
8.
Nd2 e6 9. Ngf3 Bxf3 10. Nxf3 Bd6 11. Bxd6 Qxd6 12. O-O O-O 13. Rfe1 Rab8 
14. a4
Rfc8 15. Ne5 Nd7 16. f4 f5 17. Nxd7 Qxd7 18. Re3 Na5 19. Qb5 Nc6 
20. Rae1 Re8
21. Bc2 g6 22. Bb3 Rbd8 23. Qe2 Kf7 24. Qf2 Na5 25. Bd1 Nc4 
26. Rh3 Kg8 27. Rh6
Nd6 28. Re3 Ne4 29. Qe2 Re7 30. Reh3 Rg7 31. Bc2 Nf6 
32. Bd1 Ne4 33. Bc2 Nf6
34. Bd1 Rf8 35. Qe5 Ne4 36. Bb3 Qd6 1/2-1/2

[Event "ARA Cto de Aragon por Equipos Division de Honor Global"]
[Site "Aragon"]
[Date "2021.05.08"]
[Round "7.31"]
[White "Arpa Pardos, Emilio"]
[Black "Sancho Casale, Jesus"]
[Result "1/2-1/2"]
[WhiteElo "1905"]
[BlackElo "1924"]
[PlyCount "0"]
[WhiteTeam "Teruel"]
[BlackTeam "Tauste"]
[EventDate "2021.03.13"]

1. Nf3 d5 2. d4 Nf6 3. c4 c6 4. Nc3 e6 5. Bg5 dxc4 6. e4 b5 7. e5 h6 8. Bh4 g5 
9.
 Nxg5 hxg5 10. Bxg5 Nbd7 11. exf6 Bb7 12. g3 Qb6 13. Bg2 O-O-O 14. O-O c5 15.
d5 b4 
16. Rb1 Qa6 17. dxe6 Bxg2 18. e7 Bxf1 19. Qd5 Bxe7 20. fxe7 Rdg8 21. Ne4 
Rxg5 
22. Nxg5 c3 23. Nxf7 Qd3 24. Qxd3 Bxd3 25. Nxh8 Nf6 26. Re1 cxb2 27. Nf7
 b1=Q 
28. Rxb1 Bxb1 29. Ne5 Bxa2 30. g4 b3 31. Nc4 Kd7 32. g5 Ne8 33. h4 Kxe7 

34. h5 Nd6 35. h6 Bb1 36. Nd2 Bg6 37. Nxb3 c4 38. Nd4 Nf5 39. Ne2 a5 40. Nc3 
Kd6 
41. f4 Ne3 42. Kf2 Nd5 43. Nb5+ 1/2-1/2

[Event "Cto de Aragon por Equipos Preferente"]
[Site ""]
[Date "2021.05.08"]
[Round "7.32"]
[White "Garcia Morales, Roberto"]
[Black "Castillo Sanjuan, Daniel"]
[Result "0-1"]
[WhiteElo "2016"]
[BlackElo "1965"]
[PlyCount "0"]
[WhiteTeam "Agrupacion B"]
[BlackTeam "Palacio De Pioneros C"]
[EventDate "2021.03.13"]

1. e4 e5 2. Nf3 Nc6 3. Bb5 a6 4. Ba4 Nf6 5. O-O Nxe4 6. d4 b5 7. Bb3 d5
8. dxe5 Be6 9. Be3 Bc5 10. Bxc5 Nxc5 11. Nbd2 O-O 12. c3 h6 13. Bc2 Qd7 14. b4
Nb7 15. Re1 a5 16. a3 axb4 17. cxb4 Ne7 18. Nb3 c5 19. bxc5 Rfc8 20. Qd4 Ra4
21. Qe3 Bf5 22. e6 fxe6 23. Ne5 Qc7 24. c6 Nxc6 25. Bxf5 exf5 26. Rac1 Re4 27.
Nxc6 Rxe3 28. Rxe3 Kh7 29. Nbd4 Na5 30. Rec3 Qb6 31. h3 Nxc6 32. Nxc6 d4 0-1

[Event "Cto de Aragon por Equipos Preferente"]
[Site ""]
[Date "2021.05.08"]
[Round "7.33"]
[White "Iglesias Fernandez, Luis"]
[Black "Carruez Berges, Santiago"]
[Result "1-0"]
[WhiteElo "1847"]
[BlackElo "1998"]
[PlyCount "0"]
[WhiteTeam "Palacio De Pioneros C"]
[BlackTeam "Agrupacion B"]
[EventDate "2021.03.13"]

1. d4 Nf6 2. Bg5 c5 3. Nc3 d5 4. e3 Nc6 5. Nf3 e6 6.
Be2 a6 7. O-O h6 8. Bh4 Be7 9. Ne5 O-O 10. a3 Nd7 11. Bxe7 Qxe7 12. Nxd7 Bxd7
13. Na2 Rac8 14. c3 c4 15. f3 e5 16. Nb4 Nxb4 17. axb4 Rfe8 18. Re1 Qg5 19. Bf1
e4 20. Ra5 exf3 21. Qxf3 Bb5 22. Qg3 Qe7 23. Raa1 Rc6 24. Re2 Re6 25. Rae1 Re4
26. Qf2 Bd7 27. h3 Qg5 28. g3 R4e6 29. Qf4 Qg6 30. Bg2 Bc6 31. Rf2 Rf6 32. Qg4
Rxf2 33. Kxf2 Qd3 34. Bf1 Qh7 35. Bg2 f5 36. Qf4 Qg6 37. h4 Qe6 38. Bf3 Ba4 39.
g4 Bc2 40. g5 hxg5 41. hxg5 Be4 42. Rh1 Qg6 43. Bh5 Qh7 44. Bf7+ 1-0

[Event "Cto de Aragon por Equipos Preferente"]
[Site ""]
[Date "2021.05.08"]
[Round "7.34"]
[White "Serrat Claver, David"]
[Black "Caballero Ortin, Jorge"]
[Result "0-1"]
[WhiteElo "1898"]
[BlackElo "1677"]
[PlyCount "0"]
[WhiteTeam "Agrupacion B"]
[BlackTeam "Palacio De Pioneros C"]
[EventDate "2021.03.13"]

1. e4 e6 2. d4 d5 3. Bd3 dxe4 4. Bxe4 Nf6
5. Bf3 c5 6. Ne2 e5 7. dxe5 Qxd1+ 8. Kxd1 Ng4 9. Bxg4 Bxg4 10. Nbc3 Nc6 11. Bf4
O-O-O+ 12. Kc1 Re8 13. f3 Bd7 14. b3 Nxe5 15. Kb2 h6 16. Rad1 g5 17. Bg3 Bg7
18. Kb1 Bc6 19. Rhe1 Rd8 20. Kc1 Rxd1+ 21. Nxd1 Re8 22. Bf2 Bxf3 23. Ng3 Bxg2
24. Nf5 Bf8 25. Nde3 Bh3 26. Bg3 Nf3 27. Rd1 Nd4 28. Nxd4 cxd4 29. Nc4 Rd8 30.
Be5 Rd5 31. Bxd4 b5 32. Ne3 Rd7 33. c3 f5 34. Rd2 f4 35. Nd1 Ba3+ 36. Kb1 Bc5
37. Nf2 Bf5+ 38. Kc1 Bxd4 39. cxd4 Re7 40. Kd1 h5 0-1

[Event "Cto de Aragon por Equipos Preferente"]
[Site ""]
[Date "2021.05.08"]
[Round "7.35"]
[White "Flores Samperiz, Jorge"]
[Black "Juberias Segura, Santiago"]
[Result "0-1"]
[WhiteElo "1939"]
[BlackElo "2006"]
[PlyCount "0"]
[WhiteTeam "Helios B"]
[BlackTeam "Utebo San Lamberto"]
[EventDate "2021.03.13"]

1. d4 Nf6 2. c4 g6 3. Nc3 Bg7 4. e4 d6 5. f3 O-O 6. Be3 c5 7. d5 e6 8. Qd2 exd5
9. cxd5 Nbd7 10. O-O-O a6 11. g4 b5 12. h4 b4 13. Nce2 Ne5 14. Ng3 Qa5 15. Kb1
c4 16. Bd4 Nfd7 17. f4 c3 18. bxc3 bxc3 19. Bxc3 Rb8+ 20. Ka1 Nf3 21. e5 Nxd2
22. Bxa5 Nxf1 23. Rxf1 dxe5 24. Bc3 exf4 25. Ne4 Bb7 26. Bxg7 Kxg7 27. Rxf4
Bxd5 28. Nf3 Rfc8 29. Rb1 Rxb1+ 30. Kxb1 Rc4 31. Nfd2 Rb4+ 32. Kc2 f5 33. gxf5
gxf5 34. Ng3 Rxf4 35. Nh5+ Kf7 36. Nxf4 Bxa2 37. Nf3 h6 38. Nd4 Kf6 39. Kc3 Bf7
40. Nc6 Ne5 41. Nd4 a5 42. Nfe2 Ng6 43. h5 Ne7 44. Nb5 Bxh5 45. Nf4 Bf7 46. Kd4
a4 47. Na3 h5 48. Nb5 Kg5 49. Nd3 h4 50. Ne5 Bd5 51. Ke3 h3 0-1

[Event "Cto de Aragon por Equipos Preferente"]
[Site ""]
[Date "2021.05.08"]
[Round "7.36"]
[White "Olivan Lopez, Dario"]
[Black "Anson Casaos, Alejandro"]
[Result "1-0"]
[WhiteElo "1910"]
[BlackElo "1829"]
[PlyCount "0"]
[WhiteTeam "Utebo San Lamberto"]
[BlackTeam "Helios B"]
[EventDate "2021.03.13"]

1. e4 c6 2. d4 d5 3. exd5 cxd5 4. Bd3 Nf6 5. c3 Nc6 6. Ne2 g6 7. O-O Bg7 8. f4
Bf5 9. Ng3 Bxd3 10. Qxd3 e6 11. Nd2 O-O 12. Nf3 a6 13. Ne5 Rc8 14. a4 Na5 15.
Be3 Nc4 16. b3 Nd6 17. c4 Nfe4 18. Nxe4 Nxe4 19. c5 a5 20. Rac1 f6 21. Nf3 Rc6
22. Nd2 Nxd2 23. Bxd2 Qc7 24. Qb5 Ra6 25. Rfe1 Rfa8 26. c6 Rxc6 27. Rxc6 bxc6
28. Rc1 cxb5 29. Rxc7 b4 30. Re7 Ra6 31. Kf2 f5 32. Ke3 Bf6 33. Rd7 h5 34. Kd3
Kf8 35. Rb7 Be7 36. Rb8+ Kf7 37. h3 Kf6 38. Be1 Kf7 39. Rb7 Kf8 40. Rc7 Ke8 41.
Rc8+ Kf7 42. Rc7 Ke8 43. g4 hxg4 44. hxg4 Bd6 45. Rc8+ Kd7 46. Rg8 fxg4 47.
Rxg6 Bxf4 48. Rxg4 Bc7 49. Rg7+ Kc8 50. Rg8+ Kd7 51. Rg7+ Kc8 52. Re7 Bd8 53.
Re8 Kd7 54. Rg8 Bf6 55. Rg6 Ke7 56. Rh6 Kf7 57. Rh7+ Kg6 58. Rd7 Kf5 59. Bg3
Rc6 60. Rc7 Ra6 61. Rc5 Bd8 62. Rc8 Bf6 63. Rf8 Kg6 64. Be5 Bxe5 65. dxe5 Kg7
66. Rf4 Rc6 67. Kd4 Kg8 68. Rf3 Kg7 69. Rf6 Kg8 70. Ke3 Rc3+ 71. Kf4 Rxb3 72.
Rxe6 d4 73. Kf5 Kf7 74. Rd6 Rf3+ 75. Ke4 Rh3 76. Kxd4 Ke7 77. Ra6 b3 78. Rxa5
b2 79. Rb5 Rh4+ 80. Kd5 Rxa4 81. Rb7+ Ke8 82. Ke6 Ra6+ 83. Kf5 Ra1 84. Rxb2
Rf1+ 85. Ke6 Kd8 86. Ra2 Kc7 87. Ke7 Rh1 88. Rc2+ Kb7 1-0

[Event "Cto de Aragon por Equipos Preferente"]
[Site ""]
[Date "2021.05.08"]
[Round "7.37"]
[White "Gonzalez Azuara, Javier"]
[Black "Lopez Guaita, Fernando"]
[Result "0-1"]
[WhiteElo "1715"]
[BlackElo "1830"]
[PlyCount "0"]
[WhiteTeam "Helios B"]
[BlackTeam "Utebo San Lamberto"]
[EventDate "2021.03.13"]

1. d4 d5 2. c4 c6 3. cxd5 cxd5 4. Bf4 Nc6 5. Nc3 e6 6. e3 Bd6 7. Qg4 Bxf4 8.
Qxg7 Qf6 9. Qxf6 Nxf6 10. exf4 Nxd4 11. O-O-O Nc6 12. f5 O-O 13. fxe6 Bxe6 14.
f3 Rac8 15. Nge2 a6 16. Nd4 Nxd4 17. Rxd4 Bf5 18. Bd3 Bxd3 19. Rxd3 Rc4 20. Kd2
Rfc8 21. Rc1 Kf8 22. Ne2 Ke7 23. Rb3 b5 24. Ra3 R8c6 25. Rcc3 b4 26. Rxc4 dxc4
27. Ra5 Rd6+ 28. Ke1 Nd5 29. Rc5 Ne3 30. Kf2 Nd1+ 31. Ke1 Nxb2 32. Nf4 Rd4 33.
g3 Rxf4 34. Re5+ Kd6 35. gxf4 Nd3+ 36. Kd2 Nxe5 37. fxe5+ Kxe5 0-1

[Event "Cto de Aragon por Equipos Preferente"]
[Site ""]
[Date "2021.05.08"]
[Round "7.38"]
[White "Orti Stock, Carlos"]
[Black "Lacamara Pasamar, Miguel"]
[Result "1/2-1/2"]
[WhiteElo "1826"]
[BlackElo "1639"]
[PlyCount "0"]
[WhiteTeam "Utebo San Lamberto"]
[BlackTeam "Helios B"]
[EventDate "2021.03.13"]

1. b3 d5 2. e3 e5 3. Bb2 Nc6 4. Bb5 f6 5. Qh5+ g6 6. Qh4 Bg7 7. f4 Qd6 8. Nf3
exf4 9. Qxf4 Qxf4 10. Bxc6+ bxc6 11. exf4 c5 12. O-O Bf5 13. d3 Kf7 14. Nc3 c6
15. Rfe1 Nh6 16. Ba3 Bf8 17. Na4 c4 18. Bxf8 Rhxf8 19. dxc4 dxc4 20. Nd4 cxb3
21. cxb3 Rfe8 22. Rac1 Be4 23. Nc3 Rad8 24. Rcd1 1/2-1/2

[Event "Cto de Aragon por Equipos Preferente"]
[Site ""]
[Date "2021.05.08"]
[Round "7.39"]
[White "Sancho Cortes, Miguel Angel"]
[Black "Chueca Lorente, Javier"]
[Result "0-1"]
[WhiteElo "2039"]
[BlackElo "2098"]
[PlyCount "0"]
[WhiteTeam "Marie Curie"]
[BlackTeam "MyInvestor Casablanca B"]
[EventDate "2021.03.13"]

1. e4 c5 2. Nf3 g6 3. d4 cxd4 4. Qxd4 Nf6 5. e5 Nc6 6. Qa4 Nd5 7. Qe4 Ndb4 8.
Bb5 a6 9. Bxc6 Nxc6 10. Nc3 Bg7 11. Bf4 O-O 12. O-O-O d6 13. exd6 exd6 14. Rxd6
Qa5 15. Rd5 b5 16. Ne5 Nb4 17. a3 Nxd5 18. Nxd5 Be6 19. Ne7+ Kh8 20. N5c6 Qa4
21. Qe3 Qc4 22. Be5 Bxe5 23. Qxe5+ f6 24. Qe3 Bf5 25. Nxf5 Qxc6 26. Nh4 Kg7 27.
Qg3 Rad8 28. Re1 Qd5 29. Kb1 Rfe8 30. Rxe8 Rxe8 31. Qc7+ Kg8 32. Qc3 Qe5 33.
Qb3+ Qe6 34. Qf3 a5 35. Qc3 Qe1+ 36. Qxe1 Rxe1+ 37. Ka2 Re2 38. Kb3 Rxf2 39. a4
bxa4+ 40. Kxa4 Rxc2 41. b3 g5 42. Nf5 Ra2+ 43. Kb5 Rxg2 44. Kxa5 Rxh2 45. b4
Ra2+ 46. Kb6 h5 47. b5 h4 48. Kc7 Rc2+ 49. Kd6 Rb2 50. Kc6 h3 51. b6 h2 52. Ng3
f5 53. b7 f4 0-1

[Event "Cto de Aragon por Equipos Preferente"]
[Site ""]
[Date "2021.05.08"]
[Round "7.40"]
[White "Antonano Fernandez - Quincoces, Avelino"]
[Black "Sanchez Perez, Carlos"]
[Result "1-0"]
[WhiteElo "2044"]
[BlackElo "1497"]
[PlyCount "0"]
[WhiteTeam "MyInvestor Casablanca B"]
[BlackTeam "Marie Curie"]
[EventDate "2021.03.13"]

1. e4 e6 2. d4 d5 3. Nd2 c5 4. c3 Nc6 5. Ngf3 Be7 6. Bd3 Nf6 7. O-O b6 8. Bb5
Bb7 9. Ne5 Rc8 10. Qa4 Qc7 11. exd5 Nxd5 12. Qxa7 O-O 13. Bxc6 Bxc6 14. Qxc7
Rxc7 15. Nxc6 Rxc6 16. dxc5 Bxc5 17. Nb3 Bd6 18. Nd4 Rc5 19. Bd2 e5 20. Nf5 Bc7
21. Be3 Nxe3 22. Nxe3 f5 23. Rfd1 e4 24. Nd5 Bd8 25. Nf4 Rc6 26. Rd7 g5 27. Nd5
Re6 28. Rd1 f4 29. Nxf4 gxf4 30. Rxd8 Rxd8 31. Rxd8+ Kf7 32. Kf1 Kf6 33. Ke2
Ke5 34. c4 Rh6 35. Rd5+ Ke6 36. g3 Rxh2 37. gxf4 h5 38. Rb5 Rh3 39. Re5+ Kf6
40. Rxe4 Kf5 41. Re3 Rh4 42. Rb3 Rxf4 43. Rf3 h4 44. Rxf4+ Kxf4 45. b4 h3 46.
Kf1 1-0

[Event "Cto de Aragon por Equipos Preferente"]
[Site ""]
[Date "2021.05.08"]
[Round "7.43"]
[White "Garcia Monterde, Francisco Jose"]
[Black "Gaspar Calvo, Luis Alberto"]
[Result "1/2-1/2"]
[WhiteElo "1850"]
[BlackElo "1901"]
[PlyCount "0"]
[WhiteTeam "IberCaja B"]
[BlackTeam "Delicias B"]
[EventDate "2021.03.13"]

1. c4 e5 2. g3 Nc6 3. Bg2 f5 4. Nc3 Nf6 5. d3 Bb4 6. Bd2 Bxc3 7. Bxc3 d6 8. e3
O-O 9. b4 Qe8 10. Ne2 f4 11. O-O Qh5 12. exf4 Bh3 13. b5 Ng4 14. bxc6 Bxg2 15.
Kxg2 Qxh2+ 16. Kf3 exf4 17. Nxf4 Rxf4+ 18. gxf4 Re8 19. Rh1 Qxf2+ 20. Kxg4 Qg2+
21. Kh4 Qf2+ 22. Kg4 Qg2+ 23. Kh4 Qf2+ 24. Kg4 1/2-1/2

[Event "Cto de Aragon por Equipos Preferente"]
[Site ""]
[Date "2021.05.08"]
[Round "7.44"]
[White "Moreno Burillo, Marcos Antonio"]
[Black "Barranco Castillo, Jose Antonio"]
[Result "1-0"]
[WhiteElo "1586"]
[BlackElo "1588"]
[PlyCount "0"]
[WhiteTeam "Delicias B"]
[BlackTeam "IberCaja B"]
[EventDate "2021.03.13"]

1. d4 d6 2. c4 e5 3. d5 f5 4. Nc3 Nf6 5. Bg5 Be7 6. Bxf6 Bxf6 7. e4 O-O 8. Bd3
g6 9. Qc2 Na6 10. a3 Nc5 11. Nf3 a5 12. O-O f4 13. Be2 g5 14. b4 Na6 15. Qb3 g4
16. Nd2 Bg5 17. f3 g3 18. h3 Qe8 19. Rfc1 Qh5 20. Bf1 Rf7 21. Nb5 Be7 22. Qb2
Rg7 23. Kh1 Kh8 24. Nb3 a4 25. Nd2 Bxh3 26. gxh3 g2+ 27. Bxg2 Rxg2 28. Kxg2
Rg8+ 29. Kf2 Qxh3 30. Ke2 Qg2+ 31. Kd3 Qf2 32. Rf1 Qe3+ 33. Kc2 Rg2 34. Qc3 c6
35. Rae1 Rxd2+ 36. Qxd2 Qb3+ 37. Kc1 cxb5 38. cxb5 Nc7 39. Qb2 Qd3 40. Qc2
Qxa3+ 41. Kd2 Bd8 42. Qc4 Qb2+ 43. Kd3 Nxb5 44. Ra1 Nd4 45. Ra2 Qb3+ 46. Qxb3
axb3 47. Ra8 1-0

[Event "Cto de Aragon por Equipos Preferente"]
[Site ""]
[Date "2021.05.08"]
[Round "7.45"]
[White "Torcal Miguel, Paula"]
[Black "Dominguez Velazquez, Jesus"]
[Result "1/2-1/2"]
[WhiteElo "1587"]
[BlackElo "1489"]
[PlyCount "0"]
[WhiteTeam "IberCaja B"]
[BlackTeam "Delicias B"]
[EventDate "2021.03.13"]

1. e4 c5 2. Nf3 e6 3. d4 cxd4 4. Nxd4 a6 5. Nc3 Qc7 6. Be3 Bb4 7. Qd2 Nf6 8. f3
d5 9. Bd3 O-O 10. a3 Bxc3 11. Qxc3 Qxc3+ 12. bxc3 dxe4 13. fxe4 b5 14. O-O Bb7
15. e5 Nd5 16. Bd2 Rc8 17. Be4 Ra7 18. Bxd5 Bxd5 19. a4 bxa4 20. Rxa4 Bc4 21.
Rf3 Nd7 22. Re3 Nb6 23. Ra1 Nd5 24. Rg3 Rb8 25. Nc6 Rab7 26. Nxb8 Rxb8 27. Rg4
Rc8 28. Re4 Bb5 29. Rd4 h5 30. Ra3 g6 31. Rb3 Kg7 32. Re4 Rc7 33. Rh4 Rc8 34.
Ra3 Rc7 35. Rd4 Rc8 36. Rb3 Rc7 37. g4 hxg4 38. Rxg4 Rc8 39. Ra3 Rc7 40. Rh4
Rc8 41. Bg5 Rc7 42. c4 Rxc4 43. Rxc4 Bxc4 44. Rf3 Bb5 45. Kf2 a5 46. Ra3 a4 47.
Ke1 Nb6 48. Kf2 Nc4 49. Rf3 a3 50. Bf6+ Kf8 51. Rd3 Be8 52. Rd8 Nb6 53. Ke2 a2
54. Rd1 Bc6 55. Rd8+ Be8 1/2-1/2

[Event "Cto de Aragon por Equipos Preferente"]
[Site ""]
[Date "2021.05.08"]
[Round "7.46"]
[White "Aznar Jimenez, Gonzalo"]
[Black "Mallen Torrijo, Nicolas Jose"]
[Result "0-1"]
[WhiteElo "1205"]
[BlackElo "1423"]
[PlyCount "0"]
[WhiteTeam "Delicias B"]
[BlackTeam "IberCaja B"]
[EventDate "2021.03.13"]

1. e4 c5 2. Nf3 g6 3. d4 cxd4 4. Nxd4 Nc6 5. Nc3 Bg7 6. Be3 Nf6 7. f3 O-O 8.
Qd2 d5 9. O-O-O dxe4 10. Nxe4 Nxe4 11. fxe4 Bxd4 12. Bxd4 Bg4 13. Be2 Bxe2 14.
Qxe2 Nxd4 15. Qe3 e5 16. g4 Qc7 17. Rd2 Rac8 18. c3 b5 19. Kb1 Ne6 20. h4 Rfd8
21. Rdh2 Qd7 22. h5 Qd3+ 23. Qxd3 Rxd3 24. hxg6 fxg6 25. Rxh7 Rd1+ 26. Rxd1
Kxh7 27. Rd7+ Kh6 28. Rxa7 Rb8 29. a4 bxa4 30. Rxa4 Nc5 31. Ra5 Nxe4 32. Kc2
Re8 33. b4 Nf2 34. b5 e4 35. b6 e3 36. b7 e2 37. Ra1 Rb8 38. Kd2 Rxb7 39. Kxe2
Nxg4 40. c4 Rc7 41. Rc1 Ne5 42. c5 Nd7 43. Kf2 Rxc5 44. Rxc5 Nxc5 45. Kg3 Kg5
46. Kh3 Kf4 47. Kg2 Kg4 48. Kh2 Kf3 49. Kh3 g5 50. Kh2 g4 51. Kg1 Kg3 52. Kh1
Kf2 53. Kh2 g3+ 0-1

[Event "ARA Cto de Aragon por Equipos Division de Honor Global"]
[Site "Aragon"]
[Date "2021.05.15"]
[Round "8.1"]
[White "Adla, Diego"]
[Black "Cifuentes Parada, Roberto"]
[Result "1/2-1/2"]
[WhiteElo "2425"]
[BlackElo "2429"]
[PlyCount "0"]
[WhiteTeam "MyInvestor Casablanca"]
[BlackTeam "Jaque Pirenauto"]
[EventDate "2021.03.13"]

1. Nf3 d5 2. c4 c6 3. e3 Nf6 4. b3 e6 5. Bb2 Bd6 6. d4 Nbd7 7. Nbd2 Qe7 8. Be2
e5 9. cxd5 Nxd5 10. Qc2 O-O 11. O-O Nb4 12. Qb1 exd4 13. Nxd4 Ne5 14. Re1 Re8
15. a3 Nd5 16. Qc2 Ng4 17. Bxg4 Bxg4 18. Nf5 Bxf5 19. Qxf5 Be5 20. Bxe5 1/2-1/2

[Event "ARA Cto de Aragon por Equipos Division de Honor Global"]
[Site "Aragon"]
[Date "2021.05.15"]
[Round "8.2"]
[White "Escartin Lacasa, Jose"]
[Black "Glavina, Pablo"]
[Result "1/2-1/2"]
[WhiteElo "2111"]
[BlackElo "2410"]
[PlyCount "0"]
[WhiteTeam "Jaque Pirenauto"]
[BlackTeam "MyInvestor Casablanca"]
[EventDate "2021.03.13"]

1. d4 Nf6 2. Nf3 g6 3. c4 Bg7 4. Nc3 O-O 5. e4 d6 6. Be3 e5 7. dxe5 dxe5 8.
Qxd8 Rxd8 9. Nd5 Na6 10. Bg5 Rd6 11. Bxf6 Bxf6 12. Rc1 b6 13. c5 Rxd5 14. exd5
e4 15. cxb6 exf3 16. bxc7 Bxb2 17. Rc6 Nb4 18. Rd6 Kg7 19. Rd8 Bc3+ 20. Kd1 Bf6
21. gxf3 Nxd5 22. Rxd5 Bb7 23. Rc5 Bd4 24. Rc4 Bxf3+ 25. Be2 Bxh1 26. Rxd4 Rc8
27. Rc4 Bb7 28. Rc5 Kf8 29. Ra5 a6 1/2-1/2

[Event "ARA Cto de Aragon por Equipos Division de Honor Global"]
[Site "Aragon"]
[Date "2021.05.15"]
[Round "8.3"]
[White "Quintin Navarro, Alberto"]
[Black "Ereza Vizcarra, Fernando"]
[Result "1/2-1/2"]
[WhiteElo "2394"]
[BlackElo "2103"]
[PlyCount "0"]
[WhiteTeam "MyInvestor Casablanca"]
[BlackTeam "Jaque Pirenauto"]
[EventDate "2021.03.13"]

1. c4 c6 2. Nf3 d5 3. b3 dxc4 4. bxc4 e5 5. Nc3 Nd7 6. g3 Ngf6 7. Bg2 Bb4 8.
Qc2 Qe7 9. O-O O-O 10. Rb1 a5 11. Nh4 Nc5 12. a3 Bxc3 13. Qxc3 e4 14. d4 exd3
15. exd3 Rd8 16. Be3 Be6 17. Bxc5 Qxc5 18. Rxb7 Ne8 19. Rbb1 Nd6 20. Rfe1 Nb5
21. Qb2 Nxa3 22. Rbd1 Rab8 23. Qc3 Qb4 24. Qe5 Qd6 25. Qxa5 Nxc4 26. Qh5 Rb5
27. Qe2 Rb2 28. Qe4 Nd2 29. Qxc6 Qxc6 30. Bxc6 Rxd3 31. Kg2 g5 32. Nf3 Nxf3 33.
Bxf3 Rxd1 34. Rxd1 Kg7 1/2-1/2

[Event "ARA Cto de Aragon por Equipos Division de Honor Global"]
[Site "Aragon"]
[Date "2021.05.15"]
[Round "8.4"]
[White "Buisac Anadon, Pablo"]
[Black "Vela Frago, Alberto"]
[Result "1-0"]
[WhiteElo "2064"]
[BlackElo "2065"]
[PlyCount "0"]
[WhiteTeam "Jaque Pirenauto"]
[BlackTeam "MyInvestor Casablanca"]
[EventDate "2021.03.13"]

1. d4 Nf6 2. Nf3 e6 3. g3 c5 4. Bg2 cxd4 5. O-O d5 6. Nxd4 e5 7. Nb3 Be6 8. Bg5
Be7 9. c4 Nbd7 10. cxd5 Nxd5 11. Bxd5 Bxg5 12. Bxb7 Rb8 13. Bd5 Bh3 14. Bg2
Bxg2 15. Kxg2 O-O 16. Nc3 Nb6 17. h4 Be7 18. e4 g6 19. Qe2 Qd7 20. Rad1 Qe6 21.
Nd5 f5 22. Nxb6 Rxb6 23. Qd3 Rd6 24. Qf3 f4 25. Nc5 Qc4 26. Nd7 Rxd7 27. Rxd7
Rf7 28. Qb3 f3+ 29. Kg1 Qc5 30. Qb8+ Bf8 31. Qb3 Be7 32. Qe6 Kf8 33. Qd5 Qc8
34. Rd1 Rf6 35. Qxe5 Qe8 36. g4 1-0

[Event "ARA Cto de Aragon por Equipos Division de Honor Global"]
[Site "Aragon"]
[Date "2021.05.15"]
[Round "8.5"]
[White "Del Rey, Diego"]
[Black "Forcen Esteban, Daniel"]
[Result "0-1"]
[WhiteElo "2383"]
[BlackElo "2558"]
[PlyCount "0"]
[WhiteTeam "El Olivar"]
[BlackTeam "Jaime Casas"]
[EventDate "2021.03.13"]

1. e4 g6 2. d4 Bg7 3. Nf3 d6 4. Nc3 a6 5. a4 Nf6 6. h3 O-O 7. Be2 Nc6 8. O-O e5
9. dxe5 dxe5 10. Be3 Qe7 11. Nd5 Nxd5 12. exd5 Nd4 13. Nxd4 exd4 14. Bf4 Re8
15. Bf3 Bf5 16. Rc1 Qc5 17. Qd2 Be4 18. Bxe4 Rxe4 19. a5 Rc8 20. Rfe1 Rxe1+ 21.
Rxe1 Qxd5 22. Re7 Qd8 23. Qe2 Bf6 24. Re4 c5 25. Bh6 c4 26. Qf3 Bh8 27. Re2 Qd7
28. Qe4 Bf6 29. Qf4 Bh8 30. Qe4 Rd8 31. Bg5 f6 32. Bd2 f5 33. Qe7 Qxe7 34. Rxe7
d3 35. c3 Bf6 36. Rxb7 Re8 37. Be3 Be5 38. Kf1 f4 39. Bc5 Bd6 0-1